| 000 | 00320nam a2200121Ia 4500 | ||
|---|---|---|---|
| 999 |
_c19086 _d19086 |
||
| 082 |
_a632.6542 _bCHA/RO |
||
| 100 | _aChannabasavanna,G P | ||
| 245 | _aRole of mites in agricultural production | ||
| 260 |
_aBangalore _bUniversity of Agricultural Sciences _c1969 |
||
| 300 | _a28p. | ||
| 546 | _aEnglish | ||
| 942 |
_2ddc _cREP |
||